000 00388 a2200133 4500
999 _c325420
_d325420
001 90347
003 NUST
082 _a891.55 TAS
100 _aDr Tasadduq Hussain ; Jalal ud Din Roomi Molana
_99833
245 _aHakiat e Roomi
_cMolana Jalal Ud Din Roomi
_hUrdu
260 _aRawalpindi
_bRomail House Publications
_c2014
300 _a112p.
500 _aGeneral Collection
942 _aCAE NUST
_cBK
_k891.55 TAS
_2ddc